La piel que habito
Desde que su mujer sufrió quemaduras en todo el cuerpo a raíz de un accidente de coche, el doctor Robert Ledgard, eminente cirujano plástico, ha dedicado años de estudio y experimentación a la elaboración de una nueva piel con la que hubiera podido salvarla; se trata de una piel sensible a las caric...
Guardado en:
| Autor Principal: | |
|---|---|
| Autor Corporativo: | |
| Otros Autores: | , , , |
| Formato: | |
| Idioma: | Undetermined |
| Publicado: |
España :
Warners España,
2011.
|
| Materias: | |
| Etiquetas: |
Agregar Etiqueta
Sin Etiquetas, Sea el primero en etiquetar este registro!
|
| LEADER | 01480ngm a22002295a 4500 | ||
|---|---|---|---|
| 001 | CEM.cems020740 | ||
| 008 | 231211s2011####xx#---############vlund#d | ||
| 005 | 20231211203222.0 | ||
| 245 | 1 | 0 | |a La piel que habito |h [videograbación] / |c Pedro Almodóvar. |
| 260 | |a España : |b Warners España, |c 2011. | ||
| 300 | |a 120'. | ||
| 520 | |a Desde que su mujer sufrió quemaduras en todo el cuerpo a raíz de un accidente de coche, el doctor Robert Ledgard, eminente cirujano plástico, ha dedicado años de estudio y experimentación a la elaboración de una nueva piel con la que hubiera podido salvarla; se trata de una piel sensible a las caricias, pero que funciona como una auténtica coraza contra toda clase de agresiones, tanto externas como internas. Para poner en práctica este hallazgo revolucionario es preciso carecer de escrúpulos, y Ledgard no los tiene. Pero, además, necesita una cobaya humana y un cómplice. Marilia, la mujer que lo cuidó desde niño, es de una fidelidad perruna: nunca le fallará. El problema será encontrar la cobaya humana. | ||
| 538 | |a Soporte: DVD -- Formato: MPG Peso: 1.17gb -- Resolución: 352 x 2880 -- 25fps | ||
| 100 | 1 | |a Almodóvar, Pedro. | |
| 700 | 1 | |a Producción Agustín Almodovar. | |
| 700 | 1 | |a Antonio Banderas. | |
| 700 | 1 | |a Elena Anaya. | |
| 700 | 1 | |a Marisa Paredes. | |
| 710 | 2 | |a El Deseo P. C. | |
| 653 | |a LARGOMETRAJE | ||
| 653 | |a FICCIÓN | ||
| 859 | |a CEMS |b BIB. CEMS - Depto. Recursos Didacticos |h 778.5 |i ALM |k DRD |p 3267.23 |t Ej.1 | ||
